Official Cities of British Columbia on the Map - Statistics

General Stats
  • This quiz has been taken 316 times
  • The average score is 23 of 53
Answers on the Map
Answers color-coded by a green-red scale on the quiz's map according to % correct below.
 
Answer Stats
Pop City % Correct
631 k Vancouver
99%
85.7 k Victoria
94%
517 k Surrey
75%
90.2 k Kamloops
73%
127 k Kelowna
73%
90.5 k Nanaimo
68%
232 k Burnaby
67%
52.8 k North Vancouver
67%
74.0 k Prince George
66%
198 k Richmond
66%
141 k Abbotsford
65%
12.2 k Prince Rupert
59%
139 k Coquitlam
58%
102 k Delta
55%
83.7 k Chilliwack
54%
25.8 k Langley
50%
70.9 k New Westminster
49%
19.9 k White Rock
48%
58.6 k Port Coquitlam
47%
82.2 k Maple Ridge
44%
33.7 k Penticton
44%
10.5 k Nelson
42%
17.6 k Port Alberni
42%
40.1 k Vernon
42%
36.4 k Mission
40%
33.5 k Port Moody
39%
32.5 k Campbell River
38%
25.5 k Courtenay
38%
20.1 k Fort St. John
38%
7.5 k Revelstoke
37%
20.0 k Cranbrook
35%
4.9 k Duncan
35%
17.7 k Salmon Arm
35%
7.1 k Merritt
33%
12.5 k Parksville
32%
18.5 k Pitt Meadows
32%
32.6 k West Kelowna
32%
35.3 k Langford
31%
13.1 k Powell River
31%
11.6 k Terrace
31%
12.1 k Dawson Creek
30%
10.7 k Williams Lake
30%
9.8 k Quesnel
27%
7.7 k Trail
26%
8.0 k Castlegar
25%
5.2 k Fernie
25%
4.0 k Grand Forks
22%
7.4 k Kimberley
20%
16.8 k Colwood
19%
2.9 k Enderby
17%
5.1 k Armstrong
15%
3.7 k Rossland
15%
665 Greenwood
12%
No matching quizzes found
Score Distribution
Percent of People with Each Score
Percentile by Number Answered
Your Score History
You have not taken this quiz